000
00292nam a22001337a 4500
008
190226b xxu||||| |||| 00| 0 eng d
020
_a
9781560323235
041
_a
eng
080
_2
2nd
_a
910
100
_a
42
101
_a
GJEO
245
_a
Third World Atlas
_c
Thomas, A
942
_2
udc
_c
BK
999
_c
54291
_d
54291